<?xml version="1.0" encoding="UTF-8"?><marc:collection xmlns:marc="http://www.loc.gov/MARC21/slim">
  <marc:record>
    <marc:leader>00854nam#a2200289#c#4500</marc:leader>
    <marc:controlfield tag="001">990067752620203331</marc:controlfield>
    <marc:controlfield tag="003">AT-OBV</marc:controlfield>
    <marc:controlfield tag="005">20230707194346.0</marc:controlfield>
    <marc:controlfield tag="007">tu</marc:controlfield>
    <marc:controlfield tag="008">080707|2008####|||###########|||#|#fre#c</marc:controlfield>
    <marc:controlfield tag="009">AC06814843</marc:controlfield>
    <marc:datafield tag="020" ind1=" " ind2=" ">
      <marc:subfield code="a">9782868082619</marc:subfield>
    </marc:datafield>
    <marc:datafield tag="035" ind1=" " ind2=" ">
      <marc:subfield code="a">(AT-OBV)AC06814843</marc:subfield>
    </marc:datafield>
    <marc:datafield tag="035" ind1=" " ind2=" ">
      <marc:subfield code="a">AC06814843</marc:subfield>
    </marc:datafield>
    <marc:datafield tag="035" ind1=" " ind2=" ">
      <marc:subfield code="a">(Aleph)006775262ACC01</marc:subfield>
    </marc:datafield>
    <marc:datafield tag="035" ind1=" " ind2=" ">
      <marc:subfield code="a">(DE-599)OBVAC06814843</marc:subfield>
    </marc:datafield>
    <marc:datafield tag="040" ind1=" " ind2=" ">
      <marc:subfield code="a">ONB</marc:subfield>
      <marc:subfield code="b">ger</marc:subfield>
      <marc:subfield code="d">ONB</marc:subfield>
      <marc:subfield code="e">rakwb</marc:subfield>
    </marc:datafield>
    <marc:datafield tag="041" ind1=" " ind2=" ">
      <marc:subfield code="a">fre</marc:subfield>
    </marc:datafield>
    <marc:datafield tag="044" ind1=" " ind2=" ">
      <marc:subfield code="c">XA-FR</marc:subfield>
    </marc:datafield>
    <marc:datafield tag="084" ind1=" " ind2=" ">
      <marc:subfield code="a">18.23</marc:subfield>
      <marc:subfield code="2">bkl</marc:subfield>
    </marc:datafield>
    <marc:datafield tag="084" ind1=" " ind2=" ">
      <marc:subfield code="a">17.97</marc:subfield>
      <marc:subfield code="2">bkl</marc:subfield>
    </marc:datafield>
    <marc:datafield tag="100" ind1="1" ind2=" ">
      <marc:subfield code="a">Sand, George</marc:subfield>
      <marc:subfield code="d">1804-1876</marc:subfield>
      <marc:subfield code="0">(DE-588)118605348</marc:subfield>
      <marc:subfield code="4">aut</marc:subfield>
    </marc:datafield>
    <marc:datafield tag="245" ind1="1" ind2="0">
      <marc:subfield code="a">Mauprat</marc:subfield>
      <marc:subfield code="b">[roman]</marc:subfield>
      <marc:subfield code="c">George Sand. Texte intégral établi, prés. et annoté par Nicole Mozet</marc:subfield>
    </marc:datafield>
    <marc:datafield tag="264" ind1=" " ind2="1">
      <marc:subfield code="a">Saint-Cyr-sur-Loire</marc:subfield>
      <marc:subfield code="b">Pirot</marc:subfield>
      <marc:subfield code="c">2008</marc:subfield>
    </marc:datafield>
    <marc:datafield tag="300" ind1=" " ind2=" ">
      <marc:subfield code="a">368 S.</marc:subfield>
      <marc:subfield code="b">Ill.</marc:subfield>
    </marc:datafield>
    <marc:datafield tag="500" ind1=" " ind2=" ">
      <marc:subfield code="a">Bibliogr. G. Sand S. 359 - 360</marc:subfield>
    </marc:datafield>
    <marc:datafield tag="700" ind1="1" ind2=" ">
      <marc:subfield code="a">Mozet, Nicole</marc:subfield>
      <marc:subfield code="d">195X-</marc:subfield>
      <marc:subfield code="0">(DE-588)115040617</marc:subfield>
      <marc:subfield code="4">edt</marc:subfield>
    </marc:datafield>
  </marc:record>
</marc:collection>
